The Oscar van Leer award 2005 : for excellence in enabling parents and communities to help young children realise their full potential.

Tallennettuna:
Bibliografiset tiedot
Aineistotyyppi: Kirja
Kieli:englanti
Aiheet:
Tagit: Lisää tagi
Ei tageja, Lisää ensimmäinen tagi!

MARC

LEADER 00000nam^a2200000^u^4500
001 000496453
005 20250521000000.0
008 060523s1000^^^^^^^^^^^^r^^^^^000^0^spa^d
009 20260310125612.683
035 |a FCE 000039957 
037 |a Acervo ITESO - Biblioteca 
041 |a eng 
082 0 4 |a 361.77  |b OSCv 
245 0 4 |a The Oscar van Leer award 2005 :  |b for excellence in enabling parents and communities to help young children realise their full potential. 
264 |a The Netherlands :  |b Bernard van Leer Foundation,  |c 2005. 
300 |a [50 p.] 
336 |a texto  |b txt  |2 rdacontenido 
337 |a sin mediación  |b n  |2 rdamedio 
338 |a volumen  |b nc  |2 rdasoporte 
649 |a XX 
650 |a Kenya Orphans Rural Development Programme 
650 |a Fundación Bernard Van Leer 
650 |a Relación padres-hijos 
650 |a Cuidado del niño 
650 |a SIDA 
650 |a Bienestar de la infancia 
650 |a África 
910 |a Fondo Centro de Estudios Educativos 
920 |a Impresos - Libros 
930 |a Fondos Especiales 
905 |a 133 
901 |a ALE040132  |b IT2  |c CEE  |u 20250521 
902 |a https://opac.biblio.iteso.mx/vufind/Record/000496453